| 000 | 00520nam a2200169 i 4500 | ||
|---|---|---|---|
| 001 | 145270 | ||
| 003 | ES-MaACL | ||
| 005 | 20230906201210.0 | ||
| 007 | t| | ||
| 008 | 070214s1932 sp r ||||1| spa d | ||
| 100 | 1 |
_aSpada, Friedel. _9107618 |
|
| 245 | 1 | 0 |
_aA través de las inmensidades asiáticas / _cFriedel Spada ; traducción de Luis Molins Correa. |
| 260 |
_aBarcelona : _bIberia, _c1932. |
||
| 300 |
_a80 p., 16 lám. : _bil. ; _c26 cm. |
||
| 700 | 1 |
_aMolins Correa, Luis. _982019 |
|
| 852 |
_aES-MaACL _jA-1009 |
||
| 999 |
_c145270 _d145270 |
||